000 02029cad a22002655a 4500
001 L158590
008 011219s2015 xxk f 000 0 eng d
035 _a(Sirsi) u158590
041 0 _aeng
050 0 4 _a690.22 $2 18
110 1 _aUnited Kingdom
_kLaws, etc
_95044
240 _aCDM 2015
245 0 4 _aThe Construction (Design and Management) Regulations 2015
_h[electronic resource]
260 _aLondon
_bHM Government
_c2015
490 0 _aSI
_v2015: 51
505 2 _aIntroduction -- Client duties -- Health and safety duties and roles -- General requirements for all construction sites -- General -- Schedule 1: Particulars to be notified under regulation 6 -- Schedule 2: Minimum welfare facilities required for construction sites -- Schedule 3: Work involving particular risks -- Schedule 4: Transitional and saving provisions -- Schedule 5: Amendments -- Explantory note.
520 _aThese Regulations may be cited as the Construction (Design and Management) Regulations 2015 and come into force on 6th April 2015. The 2015 Regulations are intended to protect persons from health and safety risks arising from construction work through the establishment of a systematic framework for management of those risks. The instrument revokes and replaces the Construction (Design and Management) Regulations 2007. The 2015 Regulations are shorter and more linear in structure than the 2007 Regulations and aim to facilitate better understanding by the small businesses which predominate in the construction industry. The 2015 Regulations also provide for a more streamlined and less bureaucratic approach to co-ordination of health and safety information during construction projects.
590 _aKA
650 2 4 _aCONSTRUCTION (DESIGN AND MANAGEMENT) REGULATIONS 2015
650 2 4 _aCDM 2015
651 4 _aGreat Britain
_y1707-
690 _aDesign and specification
856 4 1 _uhttps://www.legislation.gov.uk/uksi/2015/51/contents/made
_zView this item free of charge at www.legislation.gov.uk
942 _n0
999 _c115407
_d115407